00257nam a2200109 a 4500008004100000100002800041245002400069260002900093041000800122044001100130020000600141101025s1972|||| d1 aMajakovskij, Vladimír10aA čo píšete ? bTatranaBratislavac1972 aslo axocSK c9